Kronplatz ski runs - Statistics

General Stats
  • This quiz has been taken 3 times
  • The average score is 29 of 46
Answer Stats
Answer % Correct
alpen
100%
arndt
100%
belvedere
100%
belvedere
100%
lorenzi
100%
marchner
100%
plateau
100%
rara
100%
rara
100%
ried
100%
sonne
100%
sonne
100%
sylvester
100%
antermoia
50%
berglift
50%
cianross
50%
col toron
50%
corn
50%
costa
50%
costa
50%
erta
50%
furcia 12
50%
furcia 9
50%
gassl
50%
guggenberg
50%
hernegg
50%
hinterberg
50%
korer I
50%
korer II
50%
miara
50%
olang II
50%
pedaga
50%
piculin
50%
pracken
50%
pramstall
50%
pre da peres
50%
pre da peres
50%
riepen
50%
ruipa
50%
seewiese
50%
spitzhorn
50%
terenten
50%
trasse
50%
world record
50%
pich gsies
0%
piz da plaies
0%
No matching quizzes found
Score Distribution
Percent of People with Each Score
Percentile by Number Answered
Your Score History
You have not taken this quiz